Some aspects of the labour history of Bengal in the nineteenth century : (Record no. 173199)

MARC details
000 -LEADER
fixed length control field 01786cam a2200313 i 4500
001 - CONTROL NUMBER
control field 21008116
003 - CONTROL NUMBER IDENTIFIER
control field ENG-111436
005 - DATE AND TIME OF LATEST TRANSACTION
control field 20200220113054.0
008 - FIXED-LENGTH DATA ELEMENTS--GENERAL INFORMATION
fixed length control field 200220b ||||| |||| 00| 0 eng d
015 ## - NATIONAL BIBLIOGRAPHY NUMBER
National bibliography number GBB943800
Source bnb
016 7# - NATIONAL BIBLIOGRAPHIC AGENCY CONTROL NUMBER
Record control number 019283299
Source Uk
020 ## - INTERNATIONAL STANDARD BOOK NUMBER
International Standard Book Number 9780199486670
Terms of availability 250.00
035 ## - SYSTEM CONTROL NUMBER
System control number EN-111436
040 ## - CATALOGING SOURCE
Transcribing agency dpl
082 04 - DEWEY DECIMAL CLASSIFICATION NUMBER
Classification number 331.095414
Edition number 23
100 1# - MAIN ENTRY--PERSONAL NAME
Personal name Chakrabarty, Dipesh
245 10 - TITLE STATEMENT
Title Some aspects of the labour history of Bengal in the nineteenth century :
Remainder of title two views /
Statement of responsibility, etc Dipesh Chakrabarty, Ranajit Dasgupta ; introduction by Janaki Nair.
260 ## - PUBLICATION, DISTRIBUTION, ETC. (IMPRINT)
Place of publication, distribution, etc New Delhi
Name of publisher, distributor, etc Oxford University Press
Date of publication, distribution, etc 2019
270 ## - ADDRESS
Address 2/11 Ground Floor,Ansari Road,Dariyaganj
City New Delhi
Postal code 110002
300 ## - PHYSICAL DESCRIPTION
Extent xliv, 66 p.
Dimensions 18cm (hb)
500 ## - GENERAL NOTE
General note Includes bibliographical reference and index.
520 8# - SUMMARY, ETC.
Summary, etc Part of the 'Occasional Papers' series of CSSSC, this essay is a brief, and sharply posed, exchange between Dipesh Chakrabarty and Ranajit Das Gupta on working class consciousness in Bengal. it posits that this consciousness is not a mechanical outcome of the capitalist mode of production, it is not a thing but a process; that even failure must be taken on board in order to flesh out that process; that not only was the working class present (and therefore conscious) of its own making, but drew from rich pre-capitalist cultural traditions of dissent, rebellion and republicanism. 0the essay asks pertinent questions about the morality of labour, history of peasant revolts, capitalist intervention, religious discrimination among labourers etc.
650 #0 - SUBJECT ADDED ENTRY--TOPICAL TERM
Topical term or geographic name as entry element Labor
Geographic subdivision India
-- Bengal
General subdivision History.
650 #7 - SUBJECT ADDED ENTRY--TOPICAL TERM
Topical term or geographic name as entry element Labor.
Source of heading or term fast
651 #7 - SUBJECT ADDED ENTRY--GEOGRAPHIC NAME
Geographic name India
Geographic subdivision Bengal.
Source of heading or term fast
655 #7 - INDEX TERM--GENRE/FORM
Genre/form data or focus term History.
Source of term fast
700 1# - ADDED ENTRY--PERSONAL NAME
Personal name Dasgupta, Ranajit,
942 ## - ADDED ENTRY ELEMENTS (KOHA)
Source of classification or shelving scheme Dewey Decimal Classification
Koha item type English Books
Call number prefix 331.095414
Call number suffix CHA
Holdings
Withdrawn status Lost status Source of classification or shelving scheme Materials specified (bound volume or other part) Damaged status Not for loan Collection code Home library Current library Date acquired Source of acquisition Cost, normal purchase price Total Checkouts Full call number Barcode Date last seen Copy number Cost, replacement price Price effective from Koha item type
    Dewey Decimal Classification DBAD/PUB     Non-fiction Shahdara Branch Shahdara Branch 20/02/2020 DBAD/PUB 250.00   CHA EN-111436 20/02/2020 1 250.00 20/02/2020 English Books

© Delhi Public Library
Hit Counter
free hit counter